MARC
| LEADER | 00000nam a22000007a 4500 | ||
|---|---|---|---|
| 003 | Ucuenca | ||
| 005 | 20240104062659.0 | ||
| 008 | 181112b1987 ec ||||| |||| 00| 0 spa d | ||
| 040 | |b spa | ||
| 041 | 0 | |a es | |
| 082 | 0 | |a 641.82 | |
| 110 | 1 | |a Instituto Ecuatoriano de Seguridad Social |9 230724 | |
| 245 | 4 | |a Las delicias de antaño |c Instituto Ecuatoriano de Seguridad Social |h imp | |
| 264 | |a Quito |b IESS |c 1987 | ||
| 300 | |a 72 páginas: |c 20 cm | ||
| 650 | 0 | |a Alimentos |9 1022 | |
| 650 | 0 | |9 37296 |a Recetas | |
| 942 | |2 ddc |c BK |z bladimir.cabrerar@ucuenca.edu.ec | ||
| 999 | |c 155971 |d 155971 | ||